[Event "Aley Hariri Rapid Cup"]
[Site "Aley"]
[Date "2021.03.20"]
[Round "1"]
[White "Assaad, Antoine Joe"]
[Black "Al Kaoury, Mahdi"]
[Result "0-1"]
[WhiteElo "1698"]
[BlackElo "2070"]
[PlyCount "59"]
[EventDate "2021.03.20"]
[EventType "tourn (rapid)"]
[EventRounds "11"]
[EventCountry "LBN"]
[SourceTitle "EXT 2022"]
[Source "ChessBase"]
[SourceDate "2021.10.06"]
[SourceVersion "1"]
[SourceVersionDate "2021.10.06"]
[SourceQuality "1"]

1. e4 e6 2. d4 d5 3. Nc3 Bb4 4. e5 c5 5. a3 Ba5 6. b4 cxd4 7. Nb5 Bc7 8. Nf3 Nc6 9. Bf4 Nge7 10. Bd3 Ng6 11. Bxg6 hxg6 12. 0-0 a6 13. Nbxd4 Nxd4 14. Qxd4 Bb6 15. Qd3 Bd7 16. a4 Rc8 17. Rfc1 Rc4 18. Bg5 Qc7 19. c3 Ba7 20. h3 Rh5 21. h4 Re4 22. Nd2 Rxe5 23. Qg3 Qb6 24. a5 Qxf2+ 25. Qxf2 Bxf2+ 26. Kxf2 Bb5 27. Re1 Rxe1 28. Rxe1 Kd7 29. g4 Rh8 30. Nf3 0-1